Uherský Brod : město Komenského

Jazyk: Čeština
Vydáno: Uherský Brod : Město Uherský Brod, c2005
Témata:
Externí odkaz: Digitalizovaný dokument
Fyzický popis: [8] s. : barev. il., plán ; 30 cm
Knihy
Uloženo v:
LEADER 01195nam a2200325 a 4500
001 000843655
003 CZ BrMZK
005 20070416163410.0
007 ta
008 070305s2005 xr ab erf 000 0 cze
020 |q (Brož.) 
040 |a BOA001  |b cze 
043 |a e-xr---  |b e-xr-zl  |2 czenas 
072 7 |a 913(4)  |x Geografie Evropy, reálie, cestování  |2 Konspekt  |9 7 
080 |a 908(437.323)  |2 MRF 
080 |a (036)  |2 MRF 
245 0 0 |a Uherský Brod :  |b město Komenského 
246 3 0 |a Uherský Brod - město Komenského 
260 |a Uherský Brod :  |b Město Uherský Brod,  |c c2005 
300 |a [8] s. :  |b barev. il., plán ;  |c 30 cm 
500 |a Název z obálky 
500 |a Dostupné též v digitální podobě v aplikaci Kramerius 
655 7 |a informační publikace  |7 fd132454  |2 czenas 
651 7 |a Uherský Brod (Česko)  |7 ge131203  |x vlastivěda  |2 czenas 
856 4 1 |u http://www.digitalniknihovna.cz/mzk/uuid/uuid:385fb570-08ea-11ee-a264-005056827e51  |y Digitalizovaný dokument  |x NDK 
910 2 |a BOA001  |b 4-1185.183 
990 |a BK 
995 |a 60 
991 |b 200704  |c NOV 
996 6 |b 2610307329  |c 4-1185.183  |l MZK  |r Sklad / do 1 hodiny  |n 2  |p p.v.  |w 000843655  |u 000010  |a 1  |e BOA001  |j MZK50  |s P